[Event "Open de la Constitución 2019"]
[Site "S. S. de los Reyes ESP"]
[Date "2019.12.04"]
[Round "5.25"]
[White "Boza Moreno, Pedro"]
[Black "Garcia Estebañez, Diego"]
[Result "1-0"]
[WhiteElo "1671"]
[BlackElo "1205"]
[PlyCount "111"]
[EventDate "2019.11.30"]
[EventType "swiss"]
[EventRounds "9"]
[EventCountry "ESP"]
[SourceTitle "Ajedrez en Madrid"]
[Source "lmi"]
[SourceDate "2019.11.30"]
[SourceVersion "1"]
[SourceVersionDate "2019.12.16"]
[SourceQuality "1"]

1. e4 e5 2. Nf3 Nc6 3. Bc4 Nf6 4. Nc3 Bc5 5. a3 O-O 6. d3 d6 7. h3 Qe7 8. O-O
Be6 9. Bxe6 Qxe6 10. Na4 Bd4 11. c3 Bb6 12. Nxb6 axb6 13. Re1 d5 14. exd5 Qxd5
15. Bg5 Qd6 16. Qe2 Rae8 17. Bxf6 Qxf6 18. Rad1 Qf4 19. Qe3 Qxe3 20. Rxe3 Re6
21. Rde1 Rfe8 22. d4 exd4 23. Nxd4 Rxe3 24. Rxe3 Rxe3 25. fxe3 Nxd4 26. exd4
Kf8 27. Kf2 Ke7 28. Kf3 Kf6 29. c4 Kf5 30. b4 Ke6 31. Kf4 f6 32. h4 h6 33. d5+
Ke7 34. g4 g6 35. c5 bxc5 36. bxc5 Kd7 37. a4 c6 38. d6 b6 39. cxb6 Kxd6 40. a5
Kd7 41. a6 Kc8 42. Ke4 Kb8 43. Kd4 Ka8 44. Kc5 f5 45. gxf5 gxf5 46. Kd4 Kb8 47.
Ke5 h5 48. Kxf5 Kc8 49. a7 Kb7 50. Ke5 Ka8 51. Kd6 Kb7 52. Kd7 Ka8 53. Kc7 c5
54. b7+ Kxa7 55. b8=Q+ Ka6 56. Qb6# 1-0

[Event "Open de la Constitución 2019"]
[Site "S. S. de los Reyes ESP"]
[Date "2019.12.04"]
[Round "5.26"]
[White "Raskin Calvo, Elizabetta"]
[Black "Solanilla Olcese, Ada"]
[Result "0-1"]
[WhiteElo "1144"]
[BlackElo "1379"]
[PlyCount "100"]
[EventDate "2019.11.30"]
[EventType "swiss"]
[EventRounds "9"]
[EventCountry "ESP"]
[SourceTitle "Ajedrez en Madrid"]
[Source "lmi"]
[SourceDate "2019.11.30"]
[SourceVersion "1"]
[SourceVersionDate "2019.12.16"]
[SourceQuality "1"]

1. e4 e5 2. Nf3 Nc6 3. Bc4 Bc5 4. Nc3 Nf6 5. O-O O-O 6. Re1 d6 7. h3 Be6 8.
Bxe6 fxe6 9. d3 Qd7 10. Bg5 h6 11. Bxf6 Rxf6 12. Qd2 Raf8 13. a3 Nd4 14. Nxd4
Bxd4 15. Nd1 Bxf2+ 16. Nxf2 Rxf2 17. Qe3 Rxc2 18. Rab1 Qb5 19. Re2 Rxe2 20.
Qxe2 Qb6+ 21. Kh1 Rf2 22. Qh5 Qb5 23. d4 Rf1+ 24. Rxf1 Qxf1+ 25. Kh2 Qf4+ 26.
g3 Qxe4 27. Qe8+ Kh7 28. Qxe6 Qg6 29. Qc8 Qc2+ 30. Kh1 exd4 31. Qxb7 c6 32.
Qxa7 d3 33. Qd4 d2 34. Qxd6 d1=R+ 35. Qxd1 Qxd1+ 36. Kg2 Qd2+ 37. Kf3 Qxb2 38.
a4 Qb4 39. g4 g5 40. h4 gxh4 41. Kg2 Qb3 42. a5 Qa3 43. a6 Kg6 44. a7 Kg5 45.
a8=Q Qxa8 46. Kh3 Qa3+ 47. Kg2 Kxg4 48. Kh2 Qb2+ 49. Kg1 Kf3 50. Kh1 Qg2# 0-1

[Event "Open de la Constitución 2019"]
[Site "S. S. de los Reyes ESP"]
[Date "2019.12.04"]
[Round "5.27"]
[White "Raskin Calvo, Maximilian"]
[Black "Lopez-Ibarra Perdones, Miguel"]
[Result "0-1"]
[WhiteElo "1264"]
[BlackElo "1136"]
[PlyCount "46"]
[EventDate "2019.11.30"]
[EventType "swiss"]
[EventRounds "9"]
[EventCountry "ESP"]
[SourceTitle "Ajedrez en Madrid"]
[Source "lmi"]
[SourceDate "2019.11.30"]
[SourceVersion "1"]
[SourceVersionDate "2019.12.16"]
[SourceQuality "1"]

1. e4 e5 2. Nf3 Nc6 3. Bb5 a6 4. Ba4 b5 5. Bb3 Nf6 6. Nc3 Bb4 7. d3 h6 8. O-O
O-O 9. Bd2 Re8 10. h3 Na5 11. a3 Nxb3 12. cxb3 Bc5 13. b4 Bb6 14. Re1 d5 15.
exd5 Nxd5 16. Rxe5 Rxe5 17. Nxe5 Nxc3 18. Bxc3 Qg5 19. Qf3 Ra7 20. Qxf7+ Kh7
21. h4 Qxh4 22. Qg6+ Kg8 23. Qxb6 cxb6 0-1

[Event "Open de la Constitución 2019"]
[Site "S. S. de los Reyes ESP"]
[Date "2019.12.05"]
[Round "6.1"]
[White "Torres Boch, Jose F."]
[Black "Sanchez Saez, Francisco"]
[Result "0-1"]
[WhiteElo "2154"]
[BlackElo "2337"]
[PlyCount "50"]
[EventDate "2019.11.30"]
[EventType "swiss"]
[EventRounds "9"]
[EventCountry "ESP"]
[SourceTitle "Ajedrez en Madrid"]
[Source "lmi"]
[SourceDate "2019.11.30"]
[SourceVersion "1"]
[SourceVersionDate "2019.12.16"]
[SourceQuality "1"]

1. e4 g6 2. d4 Bg7 3. Nc3 d6 4. Be3 a6 5. a4 Nc6 6. f4 Nf6 7. Nf3 Bg4 8. h3
Bxf3 9. Qxf3 e5 10. dxe5 dxe5 11. Rd1 Nd4 12. Bxd4 exd4 13. Bc4 O-O 14. O-O Nd7
15. Qg4 Nb6 16. Ba2 Qe8 17. f5 dxc3 18. fxg6 hxg6 19. a5 Qa4 20. Bb3 Qxa5 21.
Qxg6 Qc5+ 22. Kh1 Nc4 23. Qg3 Nd2 24. Rf5 Nxe4 25. Qg6 Qxf5 0-1

[Event "Open de la Constitución 2019"]
[Site "S. S. de los Reyes ESP"]
[Date "2019.12.05"]
[Round "6.3"]
[White "Iagar, Razvan-Gabriel"]
[Black "Alonso Abad, Enrique"]
[Result "1-0"]
[WhiteElo "2182"]
[BlackElo "1994"]
[PlyCount "91"]
[EventDate "2019.11.30"]
[EventType "swiss"]
[EventRounds "9"]
[EventCountry "ESP"]
[SourceTitle "Ajedrez en Madrid"]
[Source "lmi"]
[SourceDate "2019.11.30"]
[SourceVersion "1"]
[SourceVersionDate "2019.12.16"]
[SourceQuality "1"]

1. d4 f5 2. Nf3 Nf6 3. g3 g6 4. Bg2 Bg7 5. O-O d6 6. c4 O-O 7. Nc3 c6 8. Rb1
Qc7 9. d5 e5 10. dxe6 Bxe6 11. b3 Na6 12. Ng5 Rfe8 13. Nxe6 Rxe6 14. b4 Ng4 15.
Qc2 Rae8 16. e3 Ne5 17. Qb3 Qf7 18. Ba3 g5 19. b5 Nc5 20. Bxc5 dxc5 21. bxc6
bxc6 22. Rfd1 Qh5 23. Qc2 g4 24. Ne2 Rh6 25. Nf4 Nf3+ 26. Kf1 Qxh2 27. Qxf5 Rf6
28. Qxg4 Qg1+ 29. Ke2 Nd4+ 30. Rxd4 Qxb1 31. Rd2 Kh8 32. Qd7 Rff8 33. Bxc6 Bc3
34. Rd1 Qxa2+ 35. Kf3 Rd8 36. Qe7 Bf6 37. Qxc5 Qc2 38. Rh1 Bg7 39. Be4 Qc3 40.
Rxh7+ Kg8 41. Rh1 a5 42. Kg2 Bf6 43. Qh5 Rf7 44. Qg6+ Bg7 45. Rh8+ Kxh8 46.
Qh7# 1-0

[Event "Open de la Constitución 2019"]
[Site "S. S. de los Reyes ESP"]
[Date "2019.12.05"]
[Round "6.4"]
[White "Salvador Cabo, Cesar"]
[Black "Perez Ordoñez, Jose Ramon"]
[Result "1-0"]
[WhiteElo "1988"]
[BlackElo "2149"]
[PlyCount "63"]
[EventDate "2019.11.30"]
[EventType "swiss"]
[EventRounds "9"]
[EventCountry "ESP"]
[SourceTitle "Ajedrez en Madrid"]
[Source "lmi"]
[SourceDate "2019.11.30"]
[SourceVersion "1"]
[SourceVersionDate "2019.12.16"]
[SourceQuality "1"]

1. e4 e5 2. Nf3 Nc6 3. d4 exd4 4. Nxd4 Bc5 5. Be3 Qf6 6. c3 Nge7 7. Bc4 d6 8.
O-O Ne5 9. Be2 Qg6 10. f3 O-O 11. Nd2 Kh8 12. Nc2 Bh3 13. Rf2 f5 14. Bxc5 dxc5
15. Kh1 fxe4 16. gxh3 Rad8 17. Qc1 Nd3 18. Bxd3 exd3 19. Ne3 Qh6 20. Qg1 Ng6
21. Re1 Nf4 22. Ng4 Qh5 23. Re5 Qf7 24. Qe1 Ne2 25. a3 b6 26. Re4 Rd5 27. Ne5
Qf5 28. Nxd3 Rxd3 29. Rfxe2 h6 30. Re8 Kh7 31. Rxf8 Qxf8 32. Re7 1-0

[Event "Open de la Constitución 2019"]
[Site "S. S. de los Reyes ESP"]
[Date "2019.12.05"]
[Round "6.5"]
[White "Quevedo Marin, Manuel"]
[Black "Bello Burguet, Glenier Lazaro"]
[Result "1-0"]
[WhiteElo "2197"]
[BlackElo "2001"]
[PlyCount "127"]
[EventDate "2019.11.30"]
[EventType "swiss"]
[EventRounds "9"]
[EventCountry "ESP"]
[SourceTitle "Ajedrez en Madrid"]
[Source "lmi"]
[SourceDate "2019.11.30"]
[SourceVersion "1"]
[SourceVersionDate "2019.12.16"]
[SourceQuality "1"]

1. e4 e5 2. Nf3 Nc6 3. Bc4 Bc5 4. c3 Nf6 5. d4 exd4 6. e5 d5 7. Bb5 Ne4 8. cxd4
Bb6 9. Nc3 O-O 10. Be3 Ba5 11. Qb3 Ne7 12. O-O f5 13. exf6 Nxf6 14. Rfe1 Bf5
15. Bg5 c6 16. Bf1 Bc7 17. Qxb7 Rb8 18. Qxa7 Rxb2 19. Qa3 Rc2 20. Qxe7 Rxc3 21.
Qxd8 Bxd8 22. Rec1 Ba5 23. Rxc3 Bxc3 24. Rc1 Ne4 25. Be3 Ra8 26. Rc2 Ra3 27.
Nh4 Bd7 28. Be2 c5 29. dxc5 d4 30. Bc4+ Kf8 31. Bc1 Ra5 32. Nf3 Nxc5 33. Bf4
Ne4 34. h4 Bb5 35. Bxb5 Rxb5 36. Ne5 Rb1+ 37. Kh2 Rd1 38. Re2 Nf6 39. Rc2 Nd5
40. Rc1 Rxc1 41. Bxc1 Nb4 42. Ba3 Kg8 43. Bxb4 Bxb4 44. Nd3 Bd6+ 45. g3 Kf7 46.
Kg2 Ke6 47. Kf3 Kd5 48. Ke2 Kc4 49. Kd2 Bc7 50. Nf4 Ba5+ 51. Ke2 Kc3 52. Nd3
Kc2 53. g4 Kb1 54. a4 Kc2 55. f4 Bc7 56. h5 Bd8 57. g5 g6 58. hxg6 hxg6 59. f5
gxf5 60. g6 Bf6 61. a5 Bg7 62. a6 Bh6 63. a7 f4 64. Ne1+ 1-0

[Event "Open de la Constitución 2019"]
[Site "S. S. de los Reyes ESP"]
[Date "2019.12.05"]
[Round "6.6"]
[White "Pindado Campos, Raul"]
[Black "Blanco Martin, Oscar"]
[Result "1-0"]
[WhiteElo "2100"]
[BlackElo "1692"]
[PlyCount "61"]
[EventDate "2019.11.30"]
[EventType "swiss"]
[EventRounds "9"]
[EventCountry "ESP"]
[SourceTitle "Ajedrez en Madrid"]
[Source "lmi"]
[SourceDate "2019.11.30"]
[SourceVersion "1"]
[SourceVersionDate "2019.12.16"]
[SourceQuality "1"]

1. d4 f5 2. c4 g6 3. g3 Nf6 4. Bg2 Bg7 5. Nh3 c6 6. Nf4 a5 7. h4 d6 8. d5 e5 9.
dxe6 Qe7 10. Nc3 Bxe6 11. Nxe6 Qxe6 12. Bf4 O-O 13. O-O Qxc4 14. Rc1 Qe6 15.
Qxd6 Qxd6 16. Bxd6 Re8 17. Rfd1 Na6 18. e3 Rad8 19. Bf1 Ra8 20. a3 h6 21. Bc4+
Kh7 22. Bf7 Red8 23. Be7 Rd7 24. Rxd7 Nxd7 25. h5 g5 26. Bg6+ Kh8 27. Bxf5 Ne5
28. Rd1 Nc4 29. Rd7 Nxb2 30. Ne4 Nc4 31. Bf6 1-0

[Event "Open de la Constitución 2019"]
[Site "S. S. de los Reyes ESP"]
[Date "2019.12.05"]
[Round "6.7"]
[White "Aziz Ortego, Omar Luis"]
[Black "Cabañas Bravo, Juan Andres"]
[Result "1-0"]
[WhiteElo "2019"]
[BlackElo "2063"]
[PlyCount "109"]
[EventDate "2019.11.30"]
[EventType "swiss"]
[EventRounds "9"]
[EventCountry "ESP"]
[SourceTitle "Ajedrez en Madrid"]
[Source "lmi"]
[SourceDate "2019.11.30"]
[SourceVersion "1"]
[SourceVersionDate "2019.12.16"]
[SourceQuality "1"]

1. e4 e5 2. Nc3 Nc6 3. Bc4 Bc5 4. a3 d6 5. d3 Nf6 6. Bg5 h6 7. Be3 Bb6 8. Nd5
Nxd5 9. exd5 Nd4 10. c3 Nf5 11. Bb5+ Bd7 12. Bxd7+ Qxd7 13. Bxb6 axb6 14. Rb1
Qb5 15. Qf3 g6 16. Ne2 Rxa3 17. g4 Ng7 18. Kd2 Ra2 19. Kc1 h5 20. g5 O-O 21.
Ng3 h4 22. Ne4 Nf5 23. Rd1 Kg7 24. Nf6 Rfa8 25. Rd2 Qb3 26. Qd1 Qxd1+ 27. Kxd1
b5 28. Rc1 Kf8 29. Ke2 R8a4 30. b4 Rxd2+ 31. Kxd2 Ra2+ 32. Rc2 Rxc2+ 33. Kxc2
h3 34. Kd2 Nh4 35. Ke3 Ng2+ 36. Kf3 Ne1+ 37. Ke4 Nc2 38. f4 exf4 39. Kxf4 Ne1
40. Ke4 Ng2 41. Ng4 c6 42. Nf2 Ke7 43. Nxh3 f5+ 44. Kf3 Ne1+ 45. Ke2 Nc2 46.
Nf4 Kf7 47. Kd2 Na3 48. Kc1 cxd5 49. Kb2 Nc4+ 50. dxc4 dxc4 51. Kc2 d5 52. Nxd5
Ke6 53. Nf4+ Ke5 54. Nxg6+ Ke4 55. h4 1-0

[Event "Open de la Constitución 2019"]
[Site "S. S. de los Reyes ESP"]
[Date "2019.12.05"]
[Round "6.8"]
[White "Bassani, Jaison Jose"]
[Black "Alfaya Marcelo, Roberto"]
[Result "1/2-1/2"]
[WhiteElo "2013"]
[BlackElo "2171"]
[PlyCount "105"]
[EventDate "2019.11.30"]
[EventType "swiss"]
[EventRounds "9"]
[EventCountry "ESP"]
[SourceTitle "Ajedrez en Madrid"]
[Source "lmi"]
[SourceDate "2019.11.30"]
[SourceVersion "1"]
[SourceVersionDate "2019.12.16"]
[SourceQuality "1"]

1. e4 c5 2. Nc3 a6 3. g3 b5 4. Bg2 Bb7 5. Nge2 e6 6. a3 Nf6 7. O-O d5 8. exd5
Nxd5 9. Nxd5 Bxd5 10. Bxd5 Qxd5 11. Nc3 Qd7 12. Qg4 Nc6 13. a4 b4 14. Ne2 h5
15. Qe4 h4 16. d3 Be7 17. Be3 Rd8 18. f4 hxg3 19. hxg3 Nd4 20. Bxd4 cxd4 21.
Kg2 Qd5 22. Rad1 Bf6 23. Qxd5 Rxd5 24. Rh1 Rg8 25. Kf3 Ke7 26. g4 g5 27. Rh5
Rc8 28. Rc1 Rdc5 29. b3 Rxc2 30. Rxc2 Rxc2 31. fxg5 Bg7 32. g6 fxg6 33. Ra5 Rc6
34. Nf4 Kf7 35. Ke4 Rc1 36. Ne2 Re1 37. Kf3 Rb1 38. Rxa6 Rxb3 39. Ra7+ Kg8 40.
Ke4 e5 41. a5 Rb2 42. Ng3 Ra2 43. a6 b3 44. Rb7 Rxa6 45. Rxb3 Ra1 46. g5 Rc1
47. Kd5 Rc3 48. Rb8+ Kh7 49. Ne4 Rxd3 50. Rb7 Kg8 51. Rb8+ Kh7 52. Rb7 Kg8 53.
Rb8+ 1/2-1/2

[Event "Open de la Constitución 2019"]
[Site "S. S. de los Reyes ESP"]
[Date "2019.12.05"]
[Round "6.9"]
[White "Longa Yauca, Javier"]
[Black "De Vicente Guijarro, Juan"]
[Result "1-0"]
[WhiteElo "2198"]
[BlackElo "1853"]
[PlyCount "45"]
[EventDate "2019.11.30"]
[EventType "swiss"]
[EventRounds "9"]
[EventCountry "ESP"]
[SourceTitle "Ajedrez en Madrid"]
[Source "lmi"]
[SourceDate "2019.11.30"]
[SourceVersion "1"]
[SourceVersionDate "2019.12.16"]
[SourceQuality "1"]

1. d4 d5 2. Nf3 Nf6 3. c4 dxc4 4. Nc3 e6 5. Bg5 Be7 6. e4 b5 7. Bxf6 gxf6 8.
Nxb5 Bb7 9. Nc3 Rg8 10. Bxc4 Rxg2 11. Qb3 Bc6 12. d5 Bd7 13. O-O-O Qc8 14. Nd4
Na6 15. dxe6 fxe6 16. Nxe6 Rb8 17. Nb5 Rb6 18. Rxd7 Qxd7 19. Rd1 Bd6 20. e5
fxe5 21. Qf3 Qc6 22. Nxd6+ cxd6 23. Qf8+ 1-0

[Event "Open de la Constitución 2019"]
[Site "S. S. de los Reyes ESP"]
[Date "2019.12.05"]
[Round "6.10"]
[White "Montiel Miguelez, Manuel"]
[Black "Lozano Suarez, Luis Miguel"]
[Result "0-1"]
[WhiteElo "1811"]
[BlackElo "2130"]
[PlyCount "92"]
[EventDate "2019.11.30"]
[EventType "swiss"]
[EventRounds "9"]
[EventCountry "ESP"]
[SourceTitle "Ajedrez en Madrid"]
[Source "lmi"]
[SourceDate "2019.11.30"]
[SourceVersion "1"]
[SourceVersionDate "2019.12.16"]
[SourceQuality "1"]

1. e4 e5 2. Nf3 Nc6 3. Bb5 a6 4. Ba4 Nf6 5. O-O Be7 6. Re1 b5 7. Bb3 d6 8. c3
O-O 9. h3 Na5 10. Bc2 c5 11. d4 Nd7 12. Nbd2 exd4 13. cxd4 Nc6 14. Nf1 cxd4 15.
Nxd4 Nxd4 16. Qxd4 Ne5 17. Rd1 Be6 18. Bf4 Bf6 19. Qb4 a5 20. Qxb5 Rb8 21. Qa6
Rxb2 22. Ne3 Rb6 23. Qxa5 Nc6 24. Qe1 Bxa1 25. Rxd6 Qa8 26. Qxa1 Ra6 27. Qc3
Ne7 28. Rxa6 Qxa6 29. a4 Rc8 30. Qa3 Nc6 31. Nd5 Qe2 32. Bd3 Qe1+ 33. Kh2 Qxf2
34. Bg3 Qd4 35. Ba6 Rd8 36. Bc7 Rd7 37. Bc8 Rxc7 38. Bxe6 Ra7 39. Qd6 Qe5+ 40.
Qxe5 Nxe5 41. Bc8 Rxa4 42. Bb7 Kf8 43. Nc3 Ra3 44. Nd1 h5 45. h4 Ng4+ 46. Kg1
Ra1 0-1

[Event "Open de la Constitución 2019"]
[Site "S. S. de los Reyes ESP"]
[Date "2019.12.05"]
[Round "6.11"]
[White "Martin Rodriguez, Emilio"]
[Black "Minguela Muñoz, Bienvenido"]
[Result "1-0"]
[WhiteElo "2030"]
[BlackElo "1827"]
[PlyCount "89"]
[EventDate "2019.11.30"]
[EventType "swiss"]
[EventRounds "9"]
[EventCountry "ESP"]
[SourceTitle "Ajedrez en Madrid"]
[Source "lmi"]
[SourceDate "2019.11.30"]
[SourceVersion "1"]
[SourceVersionDate "2019.12.16"]
[SourceQuality "1"]

1. d4 Nf6 2. Nf3 e6 3. Bf4 c5 4. e3 Nc6 5. c3 b6 6. Nbd2 Bb7 7. Bd3 cxd4 8.
exd4 Be7 9. Qe2 Nd5 10. Bg3 f5 11. Ne5 Nf6 12. O-O Nxe5 13. Bxe5 O-O 14. Nc4
Ng4 15. Rad1 Nxe5 16. dxe5 Qc7 17. Nd2 g5 18. Nf3 Rf7 19. Nd4 g4 20. Bb5 f4 21.
f3 gxf3 22. Nxf3 Bc5+ 23. Kh1 Rg7 24. b4 Be3 25. Qc4 Qxc4 26. Bxc4 Kf8 27. Bb5
Ke8 28. Rd6 Kd8 29. Rfd1 Bd5 30. c4 Bxf3 31. gxf3 a6 32. Rxd7+ Rxd7 33. Rxd7+
Kc8 34. Bc6 a5 35. Rxh7 Rb8 36. b5 Bd4 37. Re7 Bxe5 38. Rxe6 Bd4 39. Re7 Be3
40. h4 Kd8 41. Rd7+ Kc8 42. h5 Bc1 43. Rf7 Kd8 44. Kg2 Rc8 45. Rd7+ 1-0

[Event "Open de la Constitución 2019"]
[Site "S. S. de los Reyes ESP"]
[Date "2019.12.05"]
[Round "6.12"]
[White "Lopez de Turiso, Jose Angel"]
[Black "De Dompablo Fantova, Juan"]
[Result "1-0"]
[WhiteElo "1947"]
[BlackElo "1598"]
[PlyCount "81"]
[EventDate "2019.11.30"]
[EventType "swiss"]
[EventRounds "9"]
[EventCountry "ESP"]
[SourceTitle "Ajedrez en Madrid"]
[Source "lmi"]
[SourceDate "2019.11.30"]
[SourceVersion "1"]
[SourceVersionDate "2019.12.16"]
[SourceQuality "1"]

1. Nf3 Nf6 2. c4 g6 3. Nc3 Bg7 4. d4 d6 5. e4 O-O 6. Be2 Nc6 7. O-O e5 8. d5
Ne7 9. Ne1 Nd7 10. Nd3 f5 11. Bd2 f4 12. Bg4 Nf6 13. Bxc8 Rxc8 14. c5 g5 15. f3
h5 16. a4 Ng6 17. a5 g4 18. a6 b6 19. cxb6 cxb6 20. Nb4 Rf7 21. Nc6 Qd7 22. Nb5
Ra8 23. Rc1 Bf8 24. Qe2 Rg7 25. Be1 h4 26. fxg4 Nxg4 27. h3 Ne3 28. Rf2 Nh8 29.
Kh2 Rg3 30. Qh5 Qg7 31. Rcc2 Nxc2 32. Rxc2 Re3 33. Bxh4 Rxe4 34. Ncxa7 Rxa7 35.
Nxa7 Qxa7 36. Qg5+ Qg7 37. Qxg7+ Bxg7 38. b3 Bf6 39. Bxf6 Re1 40. a7 Ra1 41.
Rc8+ 1-0

[Event "Open de la Constitución 2019"]
[Site "S. S. de los Reyes ESP"]
[Date "2019.12.05"]
[Round "6.13"]
[White "Marcos Herrero, Francisco"]
[Black "Vazquez Gonzalez, Jesus"]
[Result "1/2-1/2"]
[WhiteElo "1788"]
[BlackElo "1929"]
[PlyCount "105"]
[EventDate "2019.11.30"]
[EventType "swiss"]
[EventRounds "9"]
[EventCountry "ESP"]
[SourceTitle "Ajedrez en Madrid"]
[Source "lmi"]
[SourceDate "2019.11.30"]
[SourceVersion "1"]
[SourceVersionDate "2019.12.16"]
[SourceQuality "1"]

1. Nf3 c5 2. c4 Nf6 3. g3 d5 4. cxd5 Nxd5 5. Bg2 Nc6 6. O-O e5 7. Nc3 Nc7 8. d3
Be7 9. Be3 O-O 10. Rc1 Ne6 11. Na4 Qa5 12. a3 Bd7 13. Nxc5 Nxc5 14. Bxc5 Bxc5
15. b4 Nxb4 16. axb4 Bxb4 17. Ra1 Qc7 18. Qb3 a5 19. Rfc1 Qd6 20. Qc4 Bc6 21.
Qh4 h6 22. d4 exd4 23. Nxd4 Bxg2 24. Kxg2 Qd5+ 25. Nf3 Rfe8 26. Rd1 Qe4 27. Qh5
Qxe2 28. Rd7 Re7 29. Rad1 Qe6 30. R7d5 Rae8 31. Ne5 Bc3 32. Nd7 Qe4+ 33. Kg1
Qg6 34. Qxg6 fxg6 35. Rb5 a4 36. Rd3 a3 37. Rxc3 Re1+ 38. Kg2 a2 39. Ra3 a1=Q
40. Rxa1 Rxa1 41. Rxb7 Re2 42. Rb8+ Kf7 43. Nc5 Raa2 44. Nd3 Ra3 45. Rb7+ Kf6
46. Nf4 Rd2 47. Rb6+ Kf7 48. Rb7+ Kg8 49. Nxg6 Raa2 50. Kg1 Rxf2 51. Rb8+ Kh7
52. Nf8+ Kg8 53. Ng6+ 1/2-1/2

[Event "Open de la Constitución 2019"]
[Site "S. S. de los Reyes ESP"]
[Date "2019.12.05"]
[Round "6.15"]
[White "Perdiguero Herreros, Alejandro"]
[Black "Santamaria Farran, Pablo"]
[Result "1-0"]
[WhiteElo "1675"]
[BlackElo "1808"]
[PlyCount "79"]
[EventDate "2019.11.30"]
[EventType "swiss"]
[EventRounds "9"]
[EventCountry "ESP"]
[SourceTitle "Ajedrez en Madrid"]
[Source "lmi"]
[SourceDate "2019.11.30"]
[SourceVersion "1"]
[SourceVersionDate "2019.12.16"]
[SourceQuality "1"]

1. e4 c5 2. c3 e6 3. d4 d5 4. Bd3 dxe4 5. Bxe4 Nf6 6. Bf3 Be7 7. Ne2 O-O 8. O-O
Nc6 9. Be3 cxd4 10. Nxd4 Nd5 11. c4 Nxe3 12. fxe3 Ne5 13. Nd2 Bg5 14. Qb3 Bh6
15. Rad1 Qg5 16. Nc2 Ng4 17. Bxg4 Qxg4 18. h3 Qg6 19. Nf3 b6 20. Qd3 Qg3 21.
Qd6 Qg6 22. Qd3 Qh5 23. Qe4 Ba6 24. b3 b5 25. Nb4 bxc4 26. Nxa6 cxb3 27. axb3
Qa5 28. Rd6 Qa3 29. Rfd1 g6 30. R1d3 Qc1+ 31. Kf2 Qc2+ 32. Rd2 Qxb3 33. Nc5 Qa3
34. Nd7 Rfc8 35. Nf6+ Kg7 36. Ng4 Rf8 37. Qd4+ e5 38. Qxe5+ f6 39. Rd7+ Kh8 40.
Qc7 1-0

[Event "Open de la Constitución 2019"]
[Site "S. S. de los Reyes ESP"]
[Date "2019.12.05"]
[Round "6.16"]
[White "Campos Calvo-Sotelo, Javier"]
[Black "Campos Rodriguez, Alvaro"]
[Result "1/2-1/2"]
[WhiteElo "1951"]
[BlackElo "1691"]
[PlyCount "143"]
[EventDate "2019.11.30"]
[EventType "swiss"]
[EventRounds "9"]
[EventCountry "ESP"]
[SourceTitle "Ajedrez en Madrid"]
[Source "lmi"]
[SourceDate "2019.11.30"]
[SourceVersion "1"]
[SourceVersionDate "2019.12.16"]
[SourceQuality "1"]

1. d4 Nf6 2. Bg5 c5 3. Bxf6 gxf6 4. d5 Bg7 5. Nc3 f5 6. Nf3 b5 7. Qd2 b4 8. Nd1
e6 9. a3 Qa5 10. c3 Bb7 11. cxb4 cxb4 12. Rc1 O-O 13. axb4 Qxd5 14. Qxd5 Bxd5
15. Nc3 Bb7 16. e3 Nc6 17. b5 Nb4 18. Be2 Rfc8 19. Kd2 Kf8 20. Na4 d6 21. h4
Na2 22. Ra1 Bd5 23. b6 Rcb8 24. g3 axb6 25. Nc3 Nxc3 26. bxc3 Ra5 27. Rhb1 Rba8
28. Rxa5 bxa5 29. Ra1 a4 30. Ra3 Bb3 31. Bb5 Rb8 32. Bxa4 Bxa4 33. Rxa4 Rb2+
34. Ke1 Bxc3+ 35. Kf1 h6 36. Rc4 Bf6 37. Nd4 d5 38. Rc8+ Kg7 39. Nf3 Rb3 40.
Kg2 Rc3 41. Ra8 Rc5 42. Re8 Rc6 43. Kf1 Rd6 44. Ke2 Rd8 45. Rxd8 Bxd8 46. Ne1
Kf6 47. Nd3 Bc7 48. Nc5 Ke7 49. Kd3 Kd6 50. Nb3 e5 51. Nc1 Ba5 52. Nb3 Be1 53.
Ke2 Bb4 54. Kd3 f6 55. Ke2 Bc5 56. f3 d4 57. exd4 Bxd4 58. Nc1 e4 59. Nb3 Be5
60. fxe4 Bxg3 61. exf5 Ke5 62. Kf3 Bxh4 63. Nc5 Kxf5 64. Ne4 Ke5 65. Nxf6 Kxf6
66. Kg4 Be1 67. Kh3 Kg5 68. Kg2 Kh4 69. Kh2 Bg3+ 70. Kg2 Be5 71. Kh1 Kh3 72.
Kg1 1/2-1/2

[Event "Open de la Constitución 2019"]
[Site "S. S. de los Reyes ESP"]
[Date "2019.12.05"]
[Round "6.17"]
[White "Pindado Del Carmen, Eliseo"]
[Black "Alonso Garuti, Luis E"]
[Result "1-0"]
[WhiteElo "1531"]
[BlackElo "1796"]
[PlyCount "59"]
[EventDate "2019.11.30"]
[EventType "swiss"]
[EventRounds "9"]
[EventCountry "ESP"]
[SourceTitle "Ajedrez en Madrid"]
[Source "lmi"]
[SourceDate "2019.11.30"]
[SourceVersion "1"]
[SourceVersionDate "2019.12.16"]
[SourceQuality "1"]

1. d4 Nf6 2. Nf3 e6 3. c4 d5 4. g3 b6 5. Bg2 Bb7 6. Nc3 Be7 7. O-O O-O 8. Nd2
c5 9. cxd5 exd5 10. Nf3 Nc6 11. e3 Re8 12. Re1 Bf8 13. a3 Na5 14. Bf1 c4 15.
Nd2 Qd7 16. b4 Nc6 17. Bb2 a6 18. Na4 b5 19. Nb6 Qd8 20. Nxa8 Bxa8 21. Bc3 Bb7
22. Bg2 Ne7 23. Qb1 Bc6 24. f3 Qc7 25. e4 Ng6 26. e5 Nh5 27. Qd1 Nhf4 28. Bf1
Re6 29. Qc2 Qd8 30. Kf2 1-0

[Event "Open de la Constitución 2019"]
[Site "S. S. de los Reyes ESP"]
[Date "2019.12.05"]
[Round "6.18"]
[White "Alvarez Gonzalez, Eduardo"]
[Black "Rubio Gonzalez, Beltran"]
[Result "1-0"]
[WhiteElo "1771"]
[BlackElo "1596"]
[PlyCount "53"]
[EventDate "2019.11.30"]
[EventType "swiss"]
[EventRounds "9"]
[EventCountry "ESP"]
[SourceTitle "Ajedrez en Madrid"]
[Source "lmi"]
[SourceDate "2019.11.30"]
[SourceVersion "1"]
[SourceVersionDate "2019.12.16"]
[SourceQuality "1"]

1. d4 d5 2. Nf3 Nf6 3. c4 c6 4. Nc3 a6 5. cxd5 cxd5 6. Bf4 Nc6 7. e3 Bf5 8. Be2
h6 9. Qb3 Na5 10. Qd1 Nc6 11. O-O e6 12. Rc1 Be7 13. h3 O-O 14. Ne5 Rc8 15. a3
Ne4 16. Nxe4 Bxe4 17. Nxc6 Rxc6 18. Rxc6 bxc6 19. Qa4 Qb6 20. b4 a5 21. bxa5
Qb2 22. Ba6 c5 23. Qd7 c4 24. Qxe7 c3 25. Qb4 Ra8 26. Bb7 Bd3 27. Qxb2 1-0